Normal view
MARC view
- Women and religion
Entry Topical Term
001 - CONTROL NUMBER
- control field: 37866
003 - CONTROL NUMBER IDENTIFIER
- control field: OSt
005 - DATE AND TIME OF LATEST TRANSACTION
- control field: 20150506121539.0
008 - FIXED-LENGTH DATA ELEMENTS
- fixed length control field: 150506|| aca||babn | a|a d
040 ## - CATALOGING SOURCE
- Original cataloging agency: OSt
150 ## - HEADING--TOPICAL TERM
- Topical term or geographic name as entry element: Women and religion
450 ## - SEE FROM TRACING--TOPICAL TERM
- Topical term or geographic name entry element: Religion and women
450 ## - SEE FROM TRACING--TOPICAL TERM
- Topical term or geographic name entry element: Women in religion
550 ## - SEE ALSO FROM TRACING--TOPICAL TERM
- Topical term or geographic name entry element: Religion
550 ## - SEE ALSO FROM TRACING--TOPICAL TERM
- Topical term or geographic name entry element: Sexism in religion